000 00305nam a2200121Ia 4500
005 20251222141950.0
008 251222s9999||||xx |||||||||||||| ||spa||
082 _aREF.004/M84
100 _aMontero Cam, Victor
245 0 _aDiccionario Ilustrado de Computación
264 _bVíctor Montero
942 _cLIB
999 _c9650
_d9650